Retórica

Saved in:
Bibliographic Details
Main Author: Aristóteles, 384 a.C.- 322 a.C (Author)
Format: Book
Language:Spanish
Published: Madrid Aguilar 1964
Series:Biblioteca de Iniciación al Humanismo
Subjects:
Tags: Add Tag
No Tags, Be the first to tag this record!

MARC

LEADER 00000nam a2200000 a 4500
001 UCV8428
003 CL-VaPUC
008 910618e19640000SP |||||||||||||||||spa|d
082 0 4 |a 185  |b ARI  |2 21 
100 |a Aristóteles,  |d 384 a.C.- 322 a.C.  |e author  |9 194 
245 1 0 |a Retórica 
300 |a 311 p 
942 |c BK 
945 |d 19910618 00:00:00 
260 |a Madrid  |b Aguilar  |c 1964 
650 0 |a Retórica   |9 266620 
650 0 |a Filosofía antigua   |9 255705 
583 |a last modification  |c 19910618 00:00:00  |k Rodrigo Vera 
490 0 |a Biblioteca de Iniciación al Humanismo 
999 |c 213941  |d 213939 
952 |0 0  |1 0  |2 ddc  |4 0  |6 185_000000000000000_ARI_1964  |7 0  |8 A  |9 196850  |a BIBARQ  |b BIBARQ  |c PAC  |d 2019-11-14  |i 2646358  |o 185 ARI 1964  |p 2646358  |r 2025-01-20  |w 2019-11-14  |y BK  |k ARQ